Saradar Sarovar Project : A Boon to Gujarat (Record no. 594946)

MARC details
000 -LEADER
fixed length control field 00456nam a2200145Ia 4500
008 - FIXED-LENGTH DATA ELEMENTS--GENERAL INFORMATION
fixed length control field 100415s9999 xx 000 0 und d
082 ## - DEWEY DECIMAL CLASSIFICATION NUMBER
Item number 12029
Classification number 574.52(5475)
100 ## - MAIN ENTRY--PERSONAL NAME
Personal name Mehta SS
245 ## - TITLE STATEMENT
Title Saradar Sarovar Project : A Boon to Gujarat
260 ## - PUBLICATION, DISTRIBUTION, ETC. (IMPRINT)
Place of publication, distribution, etc GANDHINAGAR
Date of publication, distribution, etc 1988
Name of publisher, distributor, etc SARADAR SAROVAR NARMADA NIGAM
365 ## - TRADE PRICE
Price amount 0
630 ## - SUBJECT ADDED ENTRY--UNIFORM TITLE
Uniform title Saradar Sarovar Project : A Boon to Gujarat
730 ## - ADDED ENTRY--UNIFORM TITLE
Uniform title Saradar Sarovar Project : A Boon to Gujarat
942 ## - ADDED ENTRY ELEMENTS (KOHA)
Koha item type Book
Holdings
Withdrawn status Lost status Damaged status Not for loan Home library Current library Date acquired Cost, normal purchase price Total Checkouts Full call number Barcode Date last seen Price effective from Koha item type
        Bombay Natural History Society Bombay Natural History Society 08/18/1997 0.00   574.52(5475) 12029 BNHS-12029 04/15/2010 04/15/2010 Book